000 00418nam a2200157 4500
001 136196
003 ES-MaACL
005 20230906195046.0
007 t|
008 070214s1972 sp r ||||1| spa d
100 1 _aSabater, Fernando.
_9101172
245 1 3 _aLa filosofĂ­a tachada /
_cFernando Sabater.
260 _aMadrid :
_bTaurus,
_c1972.
300 _a168 p. ;
_c21 cm.
852 _aES-MaACL
_jC-42635
_bR.81970
999 _c136196
_d136196